Compendium theologiae moralis ad norman codicis canonici / (Record no. 63511)
[ view plain ]
| 000 -LEADER | |
|---|---|
| campo de control de longitud fija | 01312nam a2200265 i 4500 |
| 001 - NÚMERO DE CONTROL | |
| campo de control | 63511 |
| 003 - IDENTIFICADOR DE NÚMERO DE CONTROL | |
| campo de control | ES-MaACL |
| 005 - FECHA Y HORA DE LA ÚLTIMA TRANSACCIÓN | |
| campo de control | 20250830061158.0 |
| 007 - CAMPO FIJO DE DESCRIPCIÓN FÍSICA--INFORMACIÓN GENERAL | |
| campo de control de longitud fija | t| |
| 008 - DATOS DE LONGITUD FIJA--INFORMACIÓN GENERAL | |
| campo de control de longitud fija | 031211m19491950sp ||||1| lat d |
| 100 0# - ENTRADA PRINCIPAL--NOMBRE DE PERSONA | |
| Nombre de persona | Juan Bautista Ferreres, |
| Títulos y otros términos asociados al nombre | Beato, |
| Fechas asociadas al nombre | 1881-1936 |
| 9 (RLIN) | 50536 |
| 245 10 - MENCIÓN DEL TÍTULO | |
| Título | Compendium theologiae moralis ad norman codicis canonici / |
| Mención de responsabilidad, etc. | auctores Joanne B. Ferreres. |
| 250 ## - MENCION DE EDICION | |
| Mención de edición | Editio Decima Septima, décima post codicem / |
| Resto de la mención de edición | quam recognovit Alfredus Mondria. |
| 260 ## - PUBLICACIÓN, DISTRIBUCIÓN, ETC. | |
| Lugar de publicación, distribución, etc. | Barcinona : |
| Nombre del editor, distribuidor, etc. | Eugenio Subirana, |
| Fecha de publicación, distribución, etc. | 1949-1950. |
| 300 ## - DESCRIPCIÓN FÍSICA | |
| Extensión | 2 v. ; |
| Dimensiones | 22 cm. |
| 510 ## - NOTA DE CITAS O REFERENCIAS BIBLIOGRÁFICAS | |
| Nombre de la fuente | CCPB, |
| Localización dentro de la fuente | 000889120-6 |
| 650 #7 - PUNTO DE ACCESO ADICIONAL DE MATERIA--TÉRMINO DE MATERIA | |
| Término de materia o nombre geográfico como elemento de entrada | Moral cristiana |
| Fuente del encabezamiento o término | |
| 9 (RLIN) | 142371 |
| 700 1# - ENTRADA AGREGADA--NOMBRE PERSONAL | |
| Nombre de persona | Mondria, Alfredus. |
| 9 (RLIN) | 82153 |
| 852 ## - LOCALIZACIÓN | |
| Ubicación | ES-MaACL |
| Número de control de estantería | D-6307 |
| Sublocalización o colección | R.31683 |
| -- | R.M.5902 |
| itemnumber | 65910 |
| Ubicación en estantería | Sala Valle Inclán |
| Marcas de propiedad | Sello en tinta azul de la Biblioteca del Ateneo de Madrid |
| Donativo/Legado | Sello en tinta: "Donativo". |
| Nota libre | En cubierta: "11. MAR.1952" ; "6 bis" |
| Signatura antigua | Olim: E/M-425 |
| Designación de la unidad física | v.1 |
| 852 ## - LOCALIZACIÓN | |
| Ubicación | ES-MaACL |
| Número de control de estantería | D-6308 |
| Sublocalización o colección | R.31683 |
| -- | R.M.5903 |
| Ubicación en estantería | Sala Valle Inclán |
| Designación de la unidad física | v.2 |
| itemnumber | 204914 |
| Signatura antigua | Olim: E/M-426 |
| Marcas de propiedad | Sello en tinta azul de la Biblioteca del Ateneo de Madrid |
| Donativo/Legado | Sello en tinta: "Donativo". |
| Nota libre | En cubierta: "11. MAR.1952" ; "6 bis" |
| 942 ## - ELEMENTOS DE ENTRADA SECUNDARIOS (KOHA) | |
| Fuente del sistema de clasificación o colocación | Clasificación decimal universal |
| Tipo de ítem Koha | Libro impreso |
| Estatus retirado | Estado de pérdida | Fuente del sistema de clasificación o colocación | Especificación de materiales (volumen encuadernado u otra parte) | Estado de daño | No para préstamo | Biblioteca de origen | Biblioteca actual | Ubicación en estantería | Fecha de adquisición | Fuente de adquisición | Total de préstamos | Signatura topográfica completa | Código de barras | Visto por última vez | Precio de reemplazo | Tipo de ítem Koha |
|---|---|---|---|---|---|---|---|---|---|---|---|---|---|---|---|---|
| Clasificación decimal universal | v.1 | Biblioteca del Ateneo de Madrid | Biblioteca del Ateneo de Madrid | Sala Valle Inclán | 17/01/2008 | Donación | D-6307 | 101229766 | 23/02/2023 | 23/02/2023 | Libro impreso | |||||
| Clasificación decimal universal | v.2 | Biblioteca del Ateneo de Madrid | Biblioteca del Ateneo de Madrid | Sala Valle Inclán | 28/03/2025 | Donación | D-6308 | 101229767 | 28/03/2025 | 28/03/2025 | Libro impreso |
